| 000 | 00758nam a2200229 a 4500 | ||
|---|---|---|---|
| 001 | BRCA_3792 | ||
| 005 | 20190320204427.0 | ||
| 008 | 151109s1903----fr-a---###---#000-0#fre-# | ||
| 041 | _afre | ||
| 044 | _afr | ||
| 050 | 4 |
_aF1233 _b.T38 1903 |
|
| 100 | 1 |
_aTavera, Ernst Schmit, Ritter Von. _99879 |
|
| 245 | 1 | 0 |
_aDie mexikanische Kaisertragoide _bdie letzten sechs Monate meines aufenthaltes in Mexiko im Jahre 1867 _cvon Ernst Schnit, Ritter von Tavera. |
| 260 |
_aWien _bA. Holzhausen _c1903 |
||
| 300 |
_ax, 201 p. _bil. _c20 cm. |
||
| 500 | _aEditado por Ernst Franz Weisil. | ||
| 500 | _aB151. | ||
| 651 | 4 |
_aMéxico _vHistoria _xIntervención francesa, _y1861-1867. _99880 |
|
| 700 | 1 |
_aWeisel, Ernst Franz _eed _99881 |
|
| 902 | _aGFM | ||
| 942 |
_2lcc _cB |
||
| 999 |
_c3521 _d3521 |
||